000 01342nam a2200349 i 4500
003 EG-GICUC
005 20260121101725.0
008 260113s1997 ua ||||fr|||| 00| 0 ara d
017 _a96/13780
020 _a977922637
040 _a EG-GICUC
_bara
_c EG-GICUC
_d EG-GICUC
_erda
041 0 _aara
082 0 4 _a343.423
_bهـ د . ت
_221
092 0 4 _221
099 _aLaw1 10 343.423 هـ د . ت 1997 1006367
100 0 _aهدى حامد قشقوش.
_eمؤلف.
240 1 3 _ala pollution de la radiation ionique
245 1 2 _aالتلوث بالإشعاع النووي في نطاق القانون الجنائي = la pollution de la radiation ionique /
_cالدكتورة هدى حامد قشقوش.
264 1 _aالقاهرة :
_bدار النهضة العربية،
_c1997.
300 _a187 صفحة ؛
_c24 سم.
336 _2rda content
_atext
337 _2rda media
_aComputer
338 _2rda carrier
_aOnline Resource
504 _aيشتمل على ارجاعات ببليوجرافية.
546 _aالنص باللغة العربية
650 1 4 _aالتشريعات المتعلقة بالبيئة.
_2qrmak
650 1 4 _aالقانون الجنائي.
_2qrmak
651 1 _2qrmak
856 4 0 _uhttps://fll.law.cu.edu.eg/fulltext/bks/B10-06367.pdf
905 _a18
_eEman
942 _2ddc
_cBK
_e21
_n0
999 _c56928
_d56928